Daň za ubytovanie a paušálna daň

Daň za ubytovanie upravuje piata časť zákona č. 582/2004 Z. z. o miestnych daniach a miestnom poplatku za komunálne odpady a drobné stavebné odpady v z. n. p. (ďalej len „zákon o miestnych daniach). Ustanoveniami § 41a až § 41d a s nimi súvisiacim prechodným ustanovením § 104l, zavedenými zákonom č....

Ausführliche Beschreibung

Gespeichert in:
Bibliographische Detailangaben
1. Verfasser: Mitringová, Jaroslava
Format: Buchkapitel
Sprache:Slowakisch
Schlagworte:
Tags: Tag hinzufügen
Keine Tags, Fügen Sie das erste Tag hinzu!

MARC

LEADER 00000naa a2200000 4500
001 0296113
005 20240417075246.7
041 0 |a slo 
044 |a SK 
245 1 0 |a Daň za ubytovanie a paušálna daň  |c Jaroslava Mitringová 
520 |a Daň za ubytovanie upravuje piata časť zákona č. 582/2004 Z. z. o miestnych daniach a miestnom poplatku za komunálne odpady a drobné stavebné odpady v z. n. p. (ďalej len „zákon o miestnych daniach). Ustanoveniami § 41a až § 41d a s nimi súvisiacim prechodným ustanovením § 104l, zavedenými zákonom č. 470/2021 Z. z., bol zmenený a doplnený zákon o miestnych daniach s účinnosťou od 11. 12. 2021. 
610 2 0 |a dane 
610 2 0 |a ubytovanie 
610 2 0 |a dane paušálne 
610 2 0 |a dane miestne 
610 2 0 |a platformy digitálne 
100 1 |a Mitringová, Jaroslava